Dilip Kumar star legend of Indian cinema: (Record no. 165722)
[ view plain ]
| 000 -LEADER | |
|---|---|
| fixed length control field | 00798nam a22002537a 4500 |
| 005 - DATE AND TIME OF LATEST TRANSACTION | |
| control field | 20190627165905.0 |
| 008 - FIXED-LENGTH DATA ELEMENTS--GENERAL INFORMATION | |
| fixed length control field | 190627b ||||| |||| 00| 0 eng d |
| 010 ## - LCCN (DPL NO) | |
| LC control number | B-127927 |
| 020 ## - INTERNATIONAL STANDARD BOOK NUMBER | |
| International Standard Book Number | 81722235682 |
| Terms of availability | 500.00 |
| 035 ## - SYSTEM CONTROL NUMBER | |
| System control number | B-127927 |
| 037 ## - SOURCE OF ACQUISITION | |
| Source of stock number/acquisition | BPPD/Purchase |
| 040 ## - CATALOGING SOURCE | |
| Original cataloging agency | dpl |
| Language of cataloging | en |
| 050 ## - LIBRARY OF CONGRESS CALL NUMBER | |
| DPL Classification number | 791.43092 |
| 082 ## - DEWEY DECIMAL CLASSIFICATION NUMBER | |
| Classification number | 791.43092 |
| 100 ## - MAIN ENTRY--PERSONAL NAME | |
| Personal name | Reuben, Bunny |
| 245 ## - TITLE STATEMENT | |
| Title | Dilip Kumar star legend of Indian cinema: |
| Remainder of title | the definitive biography/ |
| Statement of responsibility, etc | Bunny Reuben |
| 250 ## - EDITION STATEMENT | |
| Edition statement | 2nd imp. |
| 260 ## - PUBLICATION, DISTRIBUTION, ETC. (IMPRINT) | |
| Place of publication, distribution, etc | New Delhi |
| Name of publisher, distributor, etc | HarperCollins Publishers |
| Date of publication, distribution, etc | 2005 |
| 270 ## - ADDRESS | |
| Address | 1A Hamilton House, Connaught Place |
| City | New Delhi |
| Postal code | 110001 |
| 300 ## - PHYSICAL DESCRIPTION | |
| Extent | 500p |
| Dimensions | 24cm(hb) |
| 500 ## - GENERAL NOTE | |
| General note | Index includes |
| 942 ## - ADDED ENTRY ELEMENTS (KOHA) | |
| Source of classification or shelving scheme | Dewey Decimal Classification |
| Item type | English Books |
| Classification part | 791.43092 |
| Call number suffix | DIP |
| Withdrawn status | Lost status | Source of classification or shelving scheme | Damaged status | Not for loan | Collection code | Home library | Current library | Date acquired | Source of acquisition | Cost, normal purchase price | Total Checkouts | Full call number | Barcode | Date last seen | Copy number | Cost, replacement price | Koha item type |
|---|---|---|---|---|---|---|---|---|---|---|---|---|---|---|---|---|---|
| Dewey Decimal Classification | Non-fiction | R.K.Puram-8 | R.K.Puram-8 | 27/06/2019 | BPPD/Purchase | 500.00 | 2 | 791.43092 DIP | B-127927 | 24/07/2021 | 1 | 500.00 | English Books |
